000 00381nam a22001457a 4500
003 macl
005 20170718125457.0
008 170718b xxu||||| |||| 00| 0 eng d
040 _cmacl
100 _aKumar,Gaurav
_968269
245 _aNational Policy for Child and Women
260 _aGuwahati
_bMadhurima Books
_c2015
650 _aEducation in India
_968270
942 _2ddc
_cBK
999 _c56763
_d56763